| 000 | 01738namaa22002411ia4500 | ||
|---|---|---|---|
| 003 | OSt | ||
| 005 | 20250218102001.0 | ||
| 008 | 241024s2011 dr adcofdt po|01 0cspa | ||
| 020 | _a978-99934-31-51-0 | ||
| 040 |
_aCD004 _bspa _cCD004 _erda |
||
| 082 | 0 | 4 |
_aR/RD/027/B582d _221 |
| 110 | _aBiblioteca Nacional Pedro Henríquez Ureña (BNPHU) | ||
| 245 | 0 |
_aDirectorio de Bibliotecas Dominicanas: _bCon el auspicio del Proyecto de Fortalecimiento de la Biblioteca Nacional y Red de Bibliotecas Públicas _cCoodinadores : Yumarys Altagracia Polanco-Almonte ; Célida Álvarez Armenteros ; Dagoberto Ortiz |
|
| 260 |
_bBiblioteca Nacional Pedro Henríquez Ueeña _c2016 _aSanto Domingo: |
||
| 300 | _a450p | ||
| 505 | _aTabla De Contenido Palabras Del director.13 - Palabras De La Coordinadora Del Proyecto... 15 -Introducción. 17- Sub-Directorio De Bibliotecas Públicas. 19 - Sub-Directorio De Bibliotecas Escolares. 91 - Sub-Directorio De Bibliotecas Especializadas. 343 - Sub-Directorio De Bibliotecas De Instituciones De Educación Superior. 377- Índice De Bibliotecas Por Orden Alfabética De La "A" A La "Z". 399 - Bibliografía. 441-Glosario. 445 Caracterización De Las Instituciones De Las Que Dependen Las Bibliotecas Dominicanas.449 | ||
| 650 | _aBibliotecas Públicas - República Dominicana - Directorio- Bibliotecas Escolares. República Dominicana - Directorio- Bibliotecas Especializadas.- República Dominicana - Directorio- Bibliotecas De Instituciones- República Dominicana - Directorio- | ||
| 700 |
_aCoodinadores : Yumarys Altagracia Polanco-Almonte _d1979 |
||
| 700 | _a; Célida Álvarez Armenteros | ||
| 700 | _a ; Dagoberto Ortiz | ||
| 901 | _a28/2/2017 9:24:33 a.m. | ||
| 942 |
_2ddc _cLIB _n0 _e21 |
||
| 999 |
_c10034 _d10034 |
||